| 000 | 00687nam a22002297a 4500 | ||
|---|---|---|---|
| 003 | UA-OsUOA | ||
| 001 | 93007 | ||
| 007 | ta | ||
| 008 | 20130110b un ||||| |||| 00| 0 ukr d | ||
| 100 | _aБабур З. М. | ||
| 090 |
_a821.512.133 _bБ12 |
||
| 942 | _cBK | ||
| 040 |
_aUA-OsUOA _brus _cUA-OsUOA _dUA-OsUOA |
||
| 245 |
_aИзбранная лирика _bизбранная лирика Востока |
||
| 300 | _a124 с. | ||
| 955 | _a3 | ||
| 041 | _arus | ||
| 080 | _a821.512.133 | ||
| 260 |
_aТашкент _bИ-во ЦК Компартии Узбекистана _c1982 |
||
| 650 | 7 |
_a82 Література. Літературознавство _2UDC |
|
| 999 |
_c378962 _d378962 |
||